000 00453nam a22001817a 4500
003 MPLRDC
005 20220104114134.0
008 210129b ||||| |||| 00| 0 eng d
020 _a7-5348-0795-6
082 _a857.2 YXSR
100 _a烟霞散人、云中道人著
245 _a钟馗传
_c
250 _a一版一刷
260 _a
_b中州古籍出版社
_c1994
300 _b
650 _a小说--笔记; 异闻
942 _cBK
_o857.2 YXSR
999 _c5125
_d5115